000 00609nam a2200229Ia 4500
003 OSt
005 20220918174301.0
006 a|||||r|||| 00| 0
007 ta
008 220917b |||||||| |||| 00| 0 eng d
024 _a11,423
037 _cTextual
040 _aARTS
_cARTS
_beng
041 _2eng
_aeng
082 _a/\:864.51, K0
100 _aCumont Franz
_949835
245 0 _aAstrology and religion among the Greeks and Romans
260 _a[n.d.]
_b[s.n.]
_c1960
650 _aSPIRITUALISM
942 _h/\:864.51, K0
_cTEXL
_2CC
999 _c152523
_d152523